A communion of subjects : animals in religion, science, and ethics (Record no. 241252)

MARC details
000 -LEADER
fixed length control field 00684nam a2200205Ia 4500
008 - FIXED-LENGTH DATA ELEMENTS--GENERAL INFORMATION
fixed length control field 191130s2006##################000#0#eng##
020 ## - INTERNATIONAL STANDARD BOOK NUMBER
ISBN 9780231136426
082 ## - DEWEY DECIMAL CLASSIFICATION NUMBER
Classification number 205.693 WAL
245 ## - TITLE STATEMENT
Title A communion of subjects : animals in religion, science, and ethics
Statement of responsibility, etc Paul Waldau and Kimberley Patton, editors
260 ## - PUBLICATION, DISTRIBUTION, ETC. (IMPRINT)
Place of publication New York
Name of publisher Columbia University Press
Year of publication c2006
300 ## - PHYSICAL DESCRIPTION
Number of Pages xxxi, 686 p. : ill.; 26 cm
500 ## - GENERAL NOTE
General note Includes bibliographical references and index
650 ## - SUBJECT ADDED ENTRY--TOPICAL TERM
Topical Term Animals - Religious aspects
700 ## - ADDED ENTRY--PERSONAL NAME
Personal name Patton, Kimberley
Personal name Waldau, Paul
991 ## -
-- 78761
Holdings
Withdrawn status Lost status Damaged status Not for loan Home library Current library Shelving location Date acquired Full call number Accession Number Price effective from Koha item type
        Anna Centenary Library Anna Centenary Library 3RD FLOOR, B WING 13.10.2020 205.693 WAL 169162 13.10.2020 English Books

Find us on the map